000 00267nam a2200121Ia 4500
008 220204s9999 xx 000 0 und d
082 _a581.5
_bCAR
100 _aCARSON, Rachel
245 0 _aSilent spring
650 _aEcology
650 _aSoil realms
942 _cBK
999 _c19763
_d19763